Changes in the structure of industrial clusters in a growing economy

Сохранить в:
Библиографические подробности
Главный автор: Shirasu, Takashi
Формат:
Язык:Undetermined
Опубликовано: London Bedford Row 1980
Предметы:
Метки: Добавить метку
Нет меток, Требуется 1-ая метка записи!
Thư viện lưu trữ: Trung tâm Học liệu Trường Đại học Cần Thơ
LEADER 00511nam a2200181Ia 4500
001 CTU_99319
008 210402s9999 xx 000 0 und d
082 |a 330 
082 |b S558 
100 |a Shirasu, Takashi 
245 0 |a Changes in the structure of industrial clusters in a growing economy 
245 0 |c Takashi Shirasu 
260 |a London 
260 |b Bedford Row 
260 |c 1980 
650 |a Economics development 
904 |i Tuyến 
980 |a Trung tâm Học liệu Trường Đại học Cần Thơ